000 00600nam a2200241Ia 4500
003 OSt
005 20220924145516.0
006 a|||||r|||| 00| 0
007 ta
008 TEL
020 _c1.75
024 _a328983
037 _cTextual
040 _aARTS
_cARTS
_bTEL
041 _2TEL
_aTEL
082 _aDelta2xM63, 35J6
100 _aSwamy Chirantana Nanda Au.
_9219893
245 0 _aSri Vivekananda Lekhavali
260 _c1956
650 _aSPIRurdALISM
942 _hDelta2xM63, 35J6
_cTEXL
_2CC
999 _c460269
_d460269